Представление документа в формате RUSMARC

ПолеНазваниеЗначение
  Тип записи a
  Библиографический уровень c
001 Контрольный номер RU/IS/BASE/570126685
005 Дата корректировки 20201206205117.7
100 Данные общей обработки __
a Данные общей обработки 19180124m20142014||| 0rusy0189 ca
101 Язык документа 0_
a Язык текста rus
102 Страна публикации __
a Страна публикации ru
105 Кодированные данные (монография) __
a Кодированные данные (монография) #|||||||000zy
200 Заглавие и сведения об ответственности 1_
a Заглавие Предметный поиск и машиночитаемая каталогизация
e Сведения, относящиеся к заглавию [сборник статей]
f Первые сведения об ответственности Российская национальная библиотека ; [редакторы: Е. И. Загорская, Н. П. Никольцева]
b Общее обозначение материала Текст
210 Выходные данные __
a Место издания Санкт-Петербург
c Издательство Российская национальная библиотека
d Дата издания 2014-
215 Физическое описание __
c Иллюстрации/тип воспроизводства ил.
330 Аннотация __
a Аннотация В сборнике рассматриваются актуальные вопросы теории и методики содержательной обработки печатных и электронных изданий в автоматизированных информационно-поисковых системах и электронных каталогах. В статьях сотрудников Российской национальной библиотеки изучаются современное состояние и перспективы развития авторитетного файла предметных рубрик РНБ, новые модели и форматы представления данных в среде Semantic Web, анализируются возможности и перспективы анализа читательских запросов для повышения качества обработки, поднимаются проблемы обучения предметизаторов. содержательной обработки электронных изданий. Сборник предназначен работникам библиотек, специалистам в области автоматизированных информационно-поисковых систем, преподавателям аспирантам и студентам.
606 Тематические рубрики __
a Основная рубрика Библиотечное дело
606 Тематические рубрики __
a Основная рубрика Каталогизация
610 Ключевые слова __
a Ключевые слова авторитетные файлы
a Ключевые слова информационно-поисковые системы
a Ключевые слова поиск информации
a Ключевые слова предметизация
a Ключевые слова предметный поиск
a Ключевые слова электронные каталоги
686 Индексы других классификаций __
2 Код системы rubbks
a Классификационный индекс 78.36
702 Вторичная интеллектуальная ответственность _1
a Фамилия Загорская
b Имя Е. И.
4 Код отношения Редактор
4 Код отношения 340
702 Вторичная интеллектуальная ответственность _1
a Фамилия Никольцева
b Имя Н. П.
4 Код отношения Редактор
4 Код отношения 340
711 Наименование организации. (Альтернативная ответственность) __
a Организация/ юрисдикция Российская национальная библиотека
801 Источник записи _0
a Страна ru
b Организация Муниципальное бюджетное учреждение культуры "Централизованная библиотечная система" г. Сургут (Центральная городская библиотека им. А. С. Пушкина)
c Дата составления 20180124
g Правила каталогизации RCR
801 Источник записи _1
a Страна ru
b Организация Муниципальное бюджетное учреждение культуры "Централизованная библиотечная система" г. Сургут (Центральная городская библиотека им. А. С. Пушкина)
c Дата составления 20180124
g Правила каталогизации RCR
852 Данные о местонахождении __
j Шифр хранения 78.36
i Авторский знак П 71
901 Тип документа 1_
t Тип документа v
a Ответственный КиК/Котельникова
903 Характеристики (МАРС) __
a Дата передачи 20180124
969 Тип издания __
a Тип издания сборник